<?xml version="1.0" encoding="UTF-8"?>
<record
    xmlns:xsi="http://www.w3.org/2001/XMLSchema-instance"
    xsi:schemaLocation="http://www.loc.gov/MARC21/slim http://www.loc.gov/standards/marcxml/schema/MARC21slim.xsd"
    xmlns="http://www.loc.gov/MARC21/slim">

  <leader>00780nam a2200181Ia 4500</leader>
  <controlfield tag="008">100920s9999    xx            000 0 und d</controlfield>
  <datafield tag="082" ind1=" " ind2=" ">
    <subfield code="b">58778</subfield>
    <subfield code="a">891.464 &#x925; 92</subfield>
  </datafield>
  <datafield tag="100" ind1=" " ind2=" ">
    <subfield code="a">&#x92A;&#x920;&#x93E;&#x923; &#x92F;&#x941;. &#x92E;.</subfield>
  </datafield>
  <datafield tag="245" ind1=" " ind2=" ">
    <subfield code="a">&#x906;&#x920;&#x935; : &#x91C;&#x94D;&#x91E;&#x93E;&#x928;&#x926;&#x947;&#x935;&#x93E;&#x902;&#x91A;&#x93E;.. &#x91C;&#x94D;&#x91E;&#x93E;&#x928;&#x926;&#x947;&#x935;&#x940;&#x91A;&#x93E;.</subfield>
  </datafield>
  <datafield tag="260" ind1=" " ind2=" ">
    <subfield code="b">&#x92E;&#x927;&#x941;&#x930;&#x93E;&#x91C; &#x92A;&#x92C;&#x94D;&#x932;&#x93F;&#x915;&#x947;&#x936;&#x928;&#x94D;&#x938; &#x92A;&#x94D;&#x930;&#x93E;&#x92F;&#x935;&#x94D;&#x939;&#x947;&#x91F; &#x932;&#x93F;&#x92E;&#x93F;&#x91F;&#x947;&#x921;, &#x92A;&#x941;&#x923;&#x947; 2.</subfield>
    <subfield code="c">1992</subfield>
  </datafield>
  <datafield tag="300" ind1=" " ind2=" ">
    <subfield code="a">92</subfield>
    <subfield code="b">&#x938;&#x93E;&#x927;&#x940;</subfield>
  </datafield>
  <datafield tag="365" ind1=" " ind2=" ">
    <subfield code="b">50</subfield>
  </datafield>
  <datafield tag="520" ind1=" " ind2=" ">
    <subfield code="a">&#x928;&#x93F;&#x92C;&#x902;&#x927;.</subfield>
  </datafield>
  <datafield tag="630" ind1=" " ind2=" ">
    <subfield code="a">&#x906;&#x920;&#x935; : &#x91C;&#x94D;&#x91E;&#x93E;&#x928;&#x926;&#x947;&#x935;&#x93E;&#x902;&#x91A;&#x93E;.. &#x91C;&#x94D;&#x91E;&#x93E;&#x928;&#x926;&#x947;&#x935;&#x940;&#x91A;&#x93E;.</subfield>
  </datafield>
  <datafield tag="650" ind1=" " ind2=" ">
    <subfield code="a">&#x928;&#x93F;&#x92C;&#x902;&#x927;.</subfield>
  </datafield>
  <datafield tag="730" ind1=" " ind2=" ">
    <subfield code="a">&#x906;&#x920;&#x935; : &#x91C;&#x94D;&#x91E;&#x93E;&#x928;&#x926;&#x947;&#x935;&#x93E;&#x902;&#x91A;&#x93E;.. &#x91C;&#x94D;&#x91E;&#x93E;&#x928;&#x926;&#x947;&#x935;&#x940;&#x91A;&#x93E;.</subfield>
  </datafield>
  <datafield tag="942" ind1=" " ind2=" ">
    <subfield code="c">BOOK</subfield>
  </datafield>
  <datafield tag="999" ind1=" " ind2=" ">
    <subfield code="c">702320</subfield>
    <subfield code="d">702317</subfield>
  </datafield>
  <datafield tag="952" ind1=" " ind2=" ">
    <subfield code="0">0</subfield>
    <subfield code="1">0</subfield>
    <subfield code="4">0</subfield>
    <subfield code="7">0</subfield>
    <subfield code="a">SATVAC</subfield>
    <subfield code="b">SATVAC</subfield>
    <subfield code="c">891.464 &#x925; 92</subfield>
    <subfield code="d">0000-00-00</subfield>
    <subfield code="g">50.00</subfield>
    <subfield code="l">0</subfield>
    <subfield code="p">SATVAC-58778</subfield>
    <subfield code="r">2010-09-20 00:00:00</subfield>
    <subfield code="w">2010-09-20</subfield>
    <subfield code="y">BOOK</subfield>
    <subfield code="z">&#x926;&#x947;&#x935;&#x918;&#x947;&#x935;</subfield>
  </datafield>
</record>
